00418pab a2200145 454500008004000000100002300040245008100063260000900144300001400153362001200167650001400179650002000193650002600213773003300239180718b2006 xxu||||| |||| 00| 0 eng d aMinvielle, Etienne aNew public management a la Francaise: the case of regional hospital agencies c2006 ap.753-63. aSep-Oct aHospitals aHealth services aPublic administration aPublic Administration Review